000 00561nam a22001937a 4500
003 OSt
005 20260218064714.0
008 260218b |||||||| |||| 00| 0 eng d
020 _a9710868845
040 _aDWCL-Main Lib
_cOC
082 _aProf. 375 Aq657 2008
100 _aAquino, Gaudencio U.
245 _aCurriculum innovation
260 _aMandaluyong City :
_bNational Book Store,
_cc2008
300 _aix, 161 pages ;
_c22 cm.
504 _a1. Includes bibliographical references.
650 _aCurriculum planning.
942 _2ddc
_cPROF.
_mProf.
_n0
999 _c8435
_d8435